|
|
|
|
| LEADER |
00000nab a2200000 a 4500 |
| 001 |
vtls000375112 |
| 003 |
SK-MaSNL |
| 005 |
20260304215229.0 |
| 008 |
230120c1989 xo 0 slo |
| 015 |
|
|
|a SNBRB19rr/mm-uuuuu
|
| 035 |
|
|
|a CL0375234
|
| 035 |
|
|
|a urn:nbn:sk:snk-ab7flz
|
| 035 |
|
|
|a (urnnbn)urn:nbn:sk:snk:ar-005do7
|
| 035 |
|
|
|a (uuid)ab1fc594-f727-4eca-a564-960b151c2c8f
|
| 040 |
|
|
|a SNKBUCL
|b slo
|c SNKBUCL
|e AACR2
|
| 041 |
0 |
|
|a slo
|
| 044 |
|
|
|a xo
|c SK
|
| 080 |
|
|
|a 616-002.46
|2 1981
|
| 100 |
1 |
|
|a Palát, Miroslav,
|d 1927-2014
|4 aut
|9 203087
|
| 245 |
1 |
0 |
|a M. Braun: Dekubitus
|c Miroslav Palát
|
| 650 |
0 |
7 |
|a dekubity
|2 snkbucl
|9 2443
|
| 650 |
0 |
7 |
|a terapia
|2 snkbucl
|9 781
|
| 650 |
0 |
7 |
|a monografie
|2 snkbucl
|9 256509
|
| 655 |
|
7 |
|a recenzie
|2 snkbucl
|9 21907
|
| 655 |
|
7 |
|a články z novín a časopisov
|2 snkbucl
|9 267496
|
| 773 |
0 |
|
|t Rehabilitácia
|g Roč. 22, č. 4 (1989), s. 232
|
| 787 |
0 |
8 |
|i Rec.:
|a Braun, M.
|t Dekubitus
|d Heidelberg-New York-London-Paris-Tokyo-Berlin : Springer Verlag, 1989
|
| 850 |
|
|
|a Slovenská národná knižnica v Martine
|a MTA001
|
| 852 |
|
|
|a SNK
|b KIS3GCP
|
| 954 |
|
|
|a odborná, vedecká literatúra pôvodná (slovenská)
|2 lita
|
| 958 |
|
|
|a RK
|
| 958 |
|
|
|a MI
|
| 958 |
|
|
|a OND
|
| 958 |
|
|
|a EUIPO
|
| 958 |
|
|
|a article7
|
| 992 |
|
|
|a RBX
|
| 999 |
|
|
|c 3145413
|d 3147343
|